[Event "Canadian op"]
[Site "Calgary"]
[Date "2023.07.23"]
[Round "3"]
[White "Gokhale, Tanishka"]
[Black "Zhang, Brian"]
[Result "0-1"]
[WhiteElo "1422"]
[BlackElo "1966"]
[PlyCount "88"]
[EventDate "2023.07.22"]
[EventType "swiss"]
[EventRounds "10"]
[EventCountry "CAN"]
[SourceTitle "EXT 2024"]
[Source "ChessBase"]
[SourceDate "2023.10.10"]
[SourceVersion "1"]
[SourceVersionDate "2023.10.10"]
[SourceQuality "1"]

1. e4 c5 2. Nf3 d6 3. d4 cxd4 4. Nxd4 Nf6 5. Nc3 a6 6. h3 e5 7. Nde2 h5 8. g3 Be6 9. Bg2 Nbd7 10. Be3 Rc8 11. Nd5 Bxd5 12. exd5 g6 13. 0-0 Bg7 14. Nc3 0-0 15. Qd2 Qc7 16. Rfe1 Nb6 17. Bxb6 Qxb6 18. Na4 Qc7 19. Qc3 b5 20. Qxc7 Rxc7 21. Nc3 b4 22. Na4 Rxc2 23. a3 Bh6 24. axb4 Rb8 25. Be4 Nxe4 26. Rxe4 f5 27. Ree1 Rxb4 28. Reb1 h4 29. Nc3 hxg3 30. fxg3 Be3+ 31. Kh1 Bd4 32. Na4 e4 33. Nc3 Rbxb2 34. Rxb2 Rxb2 35. Na4 Rh2+ 36. Kxh2 Bxa1 37. Kg2 Bd4 38. Kf1 Kf7 39. Ke2 Kf6 40. Kd2 Ke5 41. g4 fxg4 42. hxg4 Kxd5 43. Nc3+ Bxc3+ 44. Kxc3 Ke5 0-1